• 首页
  • 本馆介绍
  • 公告通知
  • 最新文献
  • 馆藏检索
  • 电子资源
  • 读者导购
  • 参考咨询
  • 我的图书馆
  • 登录
  • 详细信息显示
  • 放入我的书架
  • 预约/预借图书
  • 作者相关作品
  • 分类相关作品
  • 丛书相关作品
  • 出版社相关作品

书目信息

  • 表格格式
  • 工作单格式
  • 卡片格式
题名:
中央情报局的秘密活动
    
 
作者: 罗西兹克 著 ;奋然 译
分册:  
出版信息: 北京   群众出版社  1979
页数: 249页
开本: 20cm
丛书名:
单 册:
中图分类: D771.236 , I712.4
科图分类:
主题词: 政治
电子资源:
ISBN:
000 00694nam0 2200253 45
001 0179002659
005 20060801155641.53
010    @dCNY0.73
091    @a3067.74
100    @a19950713d1979 em y0chiy0121 ea
101 1  @achi@ceng
102    @aCN@b110000
105    @ay z 000yy
200 10 @a中央情报局的秘密活动@Azhong yang qing bao ju de mi mi huo dong@f(美)罗西兹克著@g奋然译
210    @a北京@c群众出版社@d1979
215    @a249页@d20cm
601 02 @a中央情报局(美国)@x史料
606 0  @a政治
690    @aD771.236@v3
690    @aI712.4
701  1 @a罗西兹克@Aluo xi zi ke@4著
702  0 @a奋然@Afen ran@4译
801  0 @aCN@bNLC@c20060801
905    @f1@b25784@dD771.236@e120
    
    中央情报局的秘密活动/(美)罗西兹克著/奋然译.-北京:群众出版社,1979
    249页;20cm
    
    
    ISBN :CNY0.73
    
●
相关链接 在E读中查询图书 在五车中查询图书 在当当中查询图书 在豆瓣中查询图书


正题名:中央情报局的秘密活动     索取号:D771.236/120         预约/预借

序号 登录号 条形码 馆藏地/架位号 状态 备注
1 0025784   001924476   密集书库/ [索取号:D771.236/120] 在馆    
2 0440527   204405278   密集书库/ [索取号:D771.236/120] 在馆    
3 0441297   204412974   密集书库/ [索取号:D771.236/120] 在馆    
唐山师范学院图书馆 欢迎您!
大连网信软件有限公司© 版权所有